000 00330nam a2200121 i 4500
001 bg
245 0 _aDokształcanie i doskonalenie pracowników zatrudnionych w gospodarce uspołecznionej w 1973 roku.
260 _aWarszawa,
_c1974.
040 _cBPK
041 _apol
942 _cKS
008 s pl f |000 0 pol
999 _c27184
_d27184
856 _uhttp://koha.tu.koszalin.pl/cgi-bin/koha/opac-detail.pl?biblionumber=27184
_yKatalog online BPK